Home Print Resources E-Books E-Journals IIMT Lecture Series Library Membership Form Book Recommendation Form Campus Tour Take AdmissionAbout Us Contact Us

LOGISTICS MANAGEMENT & WORLD SEABORNE TRADE (Record no. 57674)

000 -LEADER
fixed length control field 00354nam a22001337a 4500
008 - FIXED-LENGTH DATA ELEMENTS--GENERAL INFORMATION
fixed length control field 231120b |||||||| |||| 00| 0 eng d
020 ## - ISBN
International Standard Book Number 9789350247235
040 ## - CATALOGING SOURCE
Original cataloging agency IIMT Engineering College-MBA
100 ## - MAIN ENTRY--PERSONAL NAME
Personal name MUTHIAH KRISHNAVENI
245 ## - TITLE STATEMENT
Title LOGISTICS MANAGEMENT & WORLD SEABORNE TRADE
260 ## - PUBLICATION, DISTRIBUTION, ETC. (IMPRINT)
Place of publication, distribution, etc NEW DELHI ARISTA PUB
Name of publisher, distributor, etc HIMALAYA PUB
Date of publication, distribution, etc 9/11/2023
300 ## - PHYSICAL DESCRIPTION
Pages 179
942 ## - ADDED ENTRY ELEMENTS (KOHA)
Koha item type Book Bank
952 ## - LOCATION AND ITEM INFORMATION (KOHA)
-- 2023-11-20
952 ## - LOCATION AND ITEM INFORMATION (KOHA)
-- 2023-11-20
Holdings
Withdrawn status Lost status Source of classification or shelving scheme Damaged status Not for loan Location (home branch) Sublocation or collection (holding branch) Date acquired Cost Normal purchase price Koha issues (times borrowed) Accession No. Koha date last seen Copy number Koha item type
          IIMT Engineering College-MBA IIMT Engineering College-MBA   325.00   13-B-6830 11/20/2023 2 Book Bank
          IIMT Engineering College-MBA IIMT Engineering College-MBA   325.00   13-B-6831 11/20/2023 3 Book Bank
IIMT, Central Library. All Rights Reserved IIMT,UNIVERSITY © 2023
Implemented and Customised by I CLOUDE EMS
You Are OPAC Visitor No
free web counter

Powered by Koha